| Tag |
First Indicator |
Second Indicator |
Subfields |
| LEADER |
00000cam a22000008a 4500 |
| 001 |
in00000079723 |
| 005 |
20151008053958.0 |
| 008 |
810721s1981 nyu b 00110 eng |
| 010 |
|
|
|a 81011197
|
| 020 |
|
|
|a 0814734146 :
|c $35.00
|
| 035 |
|
|
|a (OCoLC)07671250
|
| 035 |
|
|
|9 AAH9256AM
|
| 039 |
0 |
|
|a 2
|b 3
|c 3
|d 3
|e 3
|
| 040 |
|
|
|a DLC
|c DLC
|d TXA
|d UtOrBLW
|
| 049 |
|
|
|a TXAM
|c [1387259]
|
| 050 |
0 |
0 |
|a HB615
|b .H359
|
| 082 |
0 |
|
|a 330/.01
|2 19
|
| 100 |
1 |
|
|a Hey, John Denis.
|
| 245 |
1 |
0 |
|a Economics in disequilibrium /
|c John D. Hey.
|
| 263 |
|
|
|a 8112
|
| 264 |
|
1 |
|a New York, N.Y. :
|b New York University Press,
|c 1981.
|
| 300 |
|
|
|a 271 pages :
|b illustrations ;
|c 24 cm.
|
| 336 |
|
|
|a text
|b txt
|2 rdacontent
|
| 337 |
|
|
|a unmediated
|b n
|2 rdamedia
|
| 338 |
|
|
|a volume
|b nc
|2 rdacarrier
|
| 500 |
|
|
|a Includes indexes.
|
| 504 |
|
|
|a Bibliography: pages [255]-263.
|
| 650 |
|
0 |
|a Uncertainty.
|
| 650 |
|
0 |
|a Equilibrium (Economics)
|
| 999 |
|
|
|a MARS
|
| 999 |
f |
f |
|s c5133ae7-62d5-3719-aff8-88123587601a
|i a9b3345d-edfe-35a0-8034-46046d4473ee
|t 0
|
| 952 |
f |
f |
|p ric
|a Texas A&M University
|b Rellis Campus
|c Joint Library Facility
|d Remote Storage
|t 0
|e HB615 .H359
|h Library of Congress classification
|i unmediated -- volume
|m A14806120091
|
| 998 |
f |
f |
|a HB615 .H359
|t 0
|l Remote Storage
|